000 00580nam a2200229Ia 4500
003 OSt
005 20220923230510.0
006 a|||||r|||| 00| 0
007 ta
008 Pun
024 _a282,576
037 _cTextual
040 _aARTS
_cARTS
_bPun
041 _2Pun
_aPun
082 _aO153,3NDI,SG, N1
100 _aਇਕਬਾਲ ਦੀਪ
245 0 _aਸੋਚ ਗ੍ਰਹਿਣ
260 _c1991
650 _aਪੰਜਾਬੀ ਸਾਹਿਤ
942 _hO153,3NDI,SG, N1
_cTEXL
_2CC
999 _c385271
_d385271